000 00327nam a2200157Ia 4500
100 _aOstergaard/Eugene D
650 _aDie making
942 _cBK
654 _adie making
245 _aBasic die making
260 _bMcGraw Hill
_c1963
082 _a671.253/OST
_bOST
300 _a208
546 _aENGLISH
999 _c24582
_d24582